Pokemon TCG: Astral Radiance cards - Statistics

General Stats
  • This quiz has been taken 7 times
  • The average score is 68 of 246
Answer Stats
Hint Answer % Correct
113/189 (Metal) | 177/189 (Metal) Origin Forme Dialga V
100%
114/189 (Metal) | 210/189 (Metal) Origin Forme Dialga VSTAR
100%
039/189 (Water) | 167/189 (Water) Origin Forme Palkia V
100%
040/189 (Water) | 192/189 (Water) | 208/189 (Water) Origin Forme Palkia VSTAR
100%
001/189 (Grass) | 160/189 (Grass) | 161/189 (Grass) Beedrill V
67%
023/189 (Fire) Cyndaquil
67%
020/189 (Grass) Dartrix
67%
042/189 (Water) Dewott
67%
025/189 (Fire) | 165/189 (Fire) Heatran V
67%
026/189 (Fire) | 191/189 (Fire) Heatran VMAX
67%
008/189 (Grass) Heracross
67%
082/189 (Fighting) Hisuian Decidueye
67%
083/189 (Fighting) | 173/189 (Fighting) Hisuian Decidueye V
67%
084/189 (Fighting) | 195/189 (Fighting) Hisuian Decidueye VSTAR
67%
003/189 (Grass) Hisuian Electrode
67%
100/189 (Darkness) Hisuian Samurott
67%
101/189 (Darkness) | 176/189 (Darkness) Hisuian Samurott V
67%
102/189 (Darkness) | 197/189 (Darkness) | 209/189 (Darkness) Hisuian Samurott VSTAR
67%
052/189 (Psychic) Hisuian Typhlosion
67%
053/189 (Psychic) | 169/189 (Psychic) Hisuian Typhlosion V
67%
054/189 (Psychic) | 193/189 (Psychic) Hisuian Typhlosion VSTAR
67%
002/189 (Grass) Hisuian Voltorb
67%
149/189 (Supporter) | 187/189 (Supporter) | 205/189 (Supporter) Kamado
67%
085/189 (Fighting) | 086/189 (Fighting) | TG08/TG30 (Fighting) Kleavor
67%
009/189 (Grass) Kricketot
67%
010/189 (Grass) Kricketune
67%
041/189 (Water) Oshawott
67%
021/189 (Fire) Ponyta
67%
024/189 (Fire) Quilava
67%
022/189 (Fire) Rapidash
67%
019/189 (Grass) Rowlet
67%
004/189 (Grass) | 005/189 (Grass) Scyther
67%
097/189 (Darkness) Absol
33%
135/189 (Supporter) | 181/189 (Supporter) | 199/189 (Supporter) Adaman
33%
067/189 (Psychic) Azelf
33%
110/189 (Metal) Bastiodon
33%
112/189 (Metal) | TG11/TG30 (Metal) Bronzong
33%
111/189 (Metal) Bronzor
33%
137/189 (Supporter) | 182/189 (Supporter) | 200/189 (Supporter) Choy
33%
011/189 (Grass) Combee
33%
076/189 (Fighting) Cranidos
33%
138/189 (Supporter) | 183/189 (Supporter) | 201/189 (Supporter) Cyllene
33%
098/189 (Darkness) Darkrai V
33%
099/189 (Darkness) Darkrai VSTAR
33%
119/189 (Colorless) Eevee
33%
TG16/TG30 (Psychic) Galarian Articuno V
33%
TG20/TG30 (Darkness) Galarian Moltres V
33%
TG19/TG30 (Fighting) Galarian Zapdos V
33%
038/189 (Water) Glaceon
33%
044/189 (Water) Hisuian Basculegion
33%
043/189 (Water) Hisuian Basculin
33%
132/189 (Colorless) Hisuian Braviary
33%
016/189 (Grass) Hisuian Lilligant
33%
017/189 (Grass) | 162/189 (Grass) | 163/189 (Grass) Hisuian Lilligant V
33%
018/189 (Grass) | 190/189 (Grass) Hisuian Lilligant VSTAR
33%
092/189 (Darkness) Hisuian Sneasel
33%
093/189 (Darkness) Hisuian Sneasler
33%
094/189 (Darkness) | 174/189 (Darkness) | 175/189 (Darkness) Hisuian Sneasler V
33%
147/189 (Supporter) | 186/189 (Supporter) | 204/189 (Supporter) Irida
33%
170/189 (Psychic) Jirachi V
33%
148/189 (Stadium) | 212/189 (Stadium) Jubilife Village
33%
087/189 (Fighting) Kleavor V
33%
196/189 (Fighting) Kleavor VSTAR
33%
013/189 (Grass) Leafeon
33%
072/189 (Fighting) | 171/189 (Fighting) | 172/189 (Fighting) Machamp V
33%
073/189 (Fighting) | 194/189 (Fighting) Machamp VMAX
33%
034/189 (Water) Mantine
33%
066/189 (Psychic) Mesprit
33%
096/189 (Darkness) | TG09/TG30 (Darkness) Mightyena
33%
213/189 (Stadium) Path to the Peak
33%
015/189 (Grass) Petilil
33%
095/189 (Darkness) Poochyena
33%
046/189 (Water) Radiant Greninja
33%
081/189 (Fighting) Radiant Hawlucha
33%
027/189 (Fire) Radiant Heatran
33%
077/189 (Fighting) Rampardos
33%
037/189 (Water) Regice
33%
118/189 (Dragon) Regidrago
33%
051/189 (Lightning) Regieleki
33%
130/189 (Colorless) Regigigas
33%
075/189 (Fighting) Regirock
33%
108/189 (Metal) Registeel
33%
131/189 (Colorless) Rufflet
33%
014/189 (Grass) Shaymin
33%
109/189 (Metal) Shieldon
33%
125/189 (Colorless) Stantler
33%
030/189 (Water) | 166/189 (Water) | TG13/TG30 (Water) Starmie V
33%
122/189 (Colorless) Teddiursa
33%
155/189 (Stadium) | 214/189 (Stadium) Temple of Sinnoh
33%
156/189 (Item) | 215/189 (Item) Trekking Shoes
33%
124/189 (Colorless) Ursaluna
33%
123/189 (Colorless) Ursaring
33%
065/189 (Psychic) Uxie
33%
012/189 (Grass) Vespiquen
33%
164/189 (Grass) Virizion V
33%
069/189 (Psychic) | TG06/TG30 (Psychic) Wyrdeer
33%
006/189 (Grass) Yanma
33%
007/189 (Grass) Yanmega
33%
TG01/TG30 (Grass) Abomasnow
0%
TG24/TG30 (Supporter) Allister
0%
035/189 (Water) Barboach
0%
TG25/TG30 (Supporter) Bea
0%
047/189 (Water) Bergmite
0%
116/189 (Metal) Bisharp
0%
136/189 (Item) Canceling Cologne
0%
129/189 (Colorless) Chatot
0%
211/189 (Item) Choice Belt
0%
139/189 (Item) Dark Patch
0%
198/189 (Metal) Dialga Origin Forme VSTAR
0%
068/189 (Psychic) Diancie
0%
216/189 (Special Energy) Double Turbo Energy
0%
064/189 (Psychic) Drifblim
0%
063/189 (Psychic) Drifloon
0%
140/189 (Item) Energy Loto
0%
TG07/TG30 (Fighting) Falinks
0%
141/189 (Item) Feather Ball
0%
TG02/TG30 (Grass) Flapple
0%
TG04/TG30 (Water) Frosmoth
0%
049/189 (Water) Galarian Mr. Rime V
0%
TG10/TG30 (Darkness) Galarian Obstagoon
0%
062/189 (Psychic) Gallade
0%
142/189 (Stadium) Gapejaw Bog
0%
117/189 (Dragon) | 178/189 (Dragon) | TG23/TG30 (Dragon) Garchomp V
0%
143/189 (Supporter) | 184/189 (Supporter) | 202/189 (Supporter) Gardenia's Vigor
0%
TG05/TG30 (Psychic) Gardevoir
0%
127/189 (Colorless) Glameow
0%
029/189 (Water) Golduck
0%
144/189 (Supporter) | 185/189 (Supporter) | 203/189 (Supporter) Grant
0%
145/189 (Item) Gutsy Pickaxe
0%
079/189 (Fighting) Hippopotas
0%
080/189 (Fighting) Hippowdon
0%
071/189 (Fighting) Hisuian Arcanine
0%
048/189 (Water) Hisuian Avalugg
0%
070/189 (Fighting) Hisuian Growlithe
0%
146/189 (Item) Hisuian Heavy Ball
0%
090/189 (Darkness) | 091/189 (Darkness) Hisuian Overqwil
0%
088/189 (Darkness) | 089/189 (Darkness) Hisuian Qwilfish
0%
120/189 (Colorless) | TG12/TG30 (Colorless) Hoothoot
0%
TG14/TG30 (Water) Ice Rider Calyrex V
0%
TG15/TG30 (Water) | TG29/TG30 (Water) Ice Rider Calyrex VMAX
0%
045/189 (Water) Keldeo
0%
TG03/TG30 (Water) Kingdra
0%
061/189 (Psychic) Kirlia
0%
078/189 (Fighting) Lucario V
0%
050/189 (Lightning) | 168/189 (Lightning) Luxray V
0%
105/189 (Metal) Magnemite
0%
106/189 (Metal) Magneton
0%
107/189 (Metal) Magnezone
0%
033/189 (Water) Mamoswine
0%
TG26/TG30 (Supporter) Melony
0%
TG27/TG30 (Supporter) Milo
0%
126/189 (Colorless) Miltank
0%
058/189 (Psychic) Misdreavus
0%
059/189 (Psychic) Mismagius
0%
103/189 (Darkness) Nickit
0%
121/189 (Colorless) Noctowl
0%
133/189 (Colorless) | 179/189 (Colorless) Oranguru V
0%
115/189 (Metal) Pawniard
0%
TG28/TG30 (Supporter) Piers
0%
032/189 (Water) Piloswine
0%
028/189 (Water) Psyduck
0%
128/189 (Colorless) Purugly
0%
060/189 (Psychic) Ralts
0%
150/189 (Supporter) | 188/189 (Supporter) | 206/189 (Supporter) Roxanne
0%
TG17/TG30 (Psychic) Shadow Rider Calyrex V
0%
TG18/TG30 (Psychic) | TG30/TG30 (Psychic) Shadow Rider Calyrex VMAX
0%
151/189 (Item) Spicy Seasoned Curry
0%
074/189 (Fighting) Sudowoodo
0%
152/189 (Item) Supereffective Glasses
0%
153/189 (Item) Sweet Honey
0%
031/189 (Water) Swinub
0%
154/189 (Item) Switch Cart
0%
104/189 (Darkness) Thievul
0%
057/189 (Psychic) Togekiss
0%
055/189 (Psychic) Togepi
0%
056/189 (Psychic) Togetic
0%
157/189 (Item) Unidentified Fossil
0%
158/189 (Item) Wait and See Turbo
0%
036/189 (Water) Whiscash
0%
134/189 (Colorless) | 180/189 (Colorless) Wyrdeer V
0%
TG21/TG30 (Metal) Zacian V
0%
TG22/TG30 (Metal) Zamazenta V
0%
159/189 (Supporter) | 189/189 (Supporter) | 207/189 (Supporter) Zisu
0%
No matching quizzes found
Score Distribution
Percent of People with Each Score
Percentile by Number Answered
Your Score History
You have not taken this quiz